[Event "Moscow Open RSSU Cup 2019"]
[Site "Moscow"]
[Date "2019.02.03"]
[Round "9"]
[White "Tsydypov, Zhamsaran"]
[Black "Drygalov, Sergey"]
[Result "1-0"]
[WhiteElo "2545"]
[BlackElo "2442"]
[Annotator "TA"]
[PlyCount "83"]
[EventDate "2019.01.26"]
[EventType "swiss"]
[EventCountry "RUS"]
[SourceTitle "playchess.com"]
[Source "ChessBase"]
[SourceQuality "1"]

{[%evp 16,83,13,20,13,12,20,3,32,-5,0,0,41,0,-4,0,22,11,7,0,20,26,39,27,96,87,128,70,102,52,52,52,59,71,89,83,213,190,436,224,430,404,416,430,435,437,416,414,387,375,529,504,524,508,502,509,487,498,470,552,586,555,713,703,669,640,711,686,29995,29996]} 1. e4 c5 2. Nf3 d6 3. d4 cxd4 4. Nxd4 Nf6 5. Nc3 a6 6. Bg5 e6 7. f4 h6 8. Bh4 Qb6 9. a3 Be7 {B96: Sicilian Najdorf: 6 Bg5 e6 7 f4, lines other than 7...Qb6 and 7...Be7} 10. Bf2 {aiming for Nxe6!} Qc7 11. Qf3 b5 $146 {The position is equal.} ({Predecessor:} 11... Nbd7 12. O-O-O b5 13. g4 {½-½ (51) Caruana,F (2822)-Vachier Lagrave,M (2779) Saint Louis 2018}) 12. O-O-O Bb7 13. g4 {Black must now prevent g5.} Nbd7 14. h4 {g5 is the strong threat.} Nc5 {[%cal Rc5e4]} 15. Bd3 d5 {[%cal Rd5e4]} 16. e5 Nfe4 17. Be1 ({Predecessor:} 17. Bxe4 Nxe4 {½-½ (51) Caruana,F (2822)-Vachier Lagrave,M (2779) Saint Louis 2018}) 17... O-O-O 18. Qe3 Nxd3+ 19. cxd3 Nc5 (19... Nxc3 $11 {remains equal.} 20. Bxc3 Kb8) 20. Kb1 $16 Qb6 21. Rc1 (21. b4 $16) 21... Kd7 22. Bd2 a5 23. Ncxb5 Ba6 24. a4 $1 Rb8 {Black wants to play ...Rhc8.} 25. Rc3 {And now Rhc1 would win.} Rhc8 (25... Nxa4 $16 26. Rc7+ (26. Rc6 Qxc6 27. Nxc6 Kxc6 $18) 26... Qxc7 27. Nxc7 Rxb2+ 28. Ka1 Kxc7) 26. Rhc1 $1 $36 {[%mdl 2048] White is really pushing.} Nxa4 $2 (26... Rb7 {is a better defense.} 27. R1c2 Bxb5 28. axb5 (28. Nxb5 Nxa4 29. Rxc8 Qxb5 $15) 28... Rbc7) 27. Rc6 (27. Rc7+ $142 Rxc7 28. Rxc7+ Qxc7 29. Nxc7 Rxb2+ 30. Kc1 Kxc7 {[#]} 31. Nxe6+ $1 {[%mdl 512]} (31. Bxa5+ Kc8 $14) 31... Kb8 32. Nc7 $1 {[%mdl 576] Deflection, Decoy} (32. Nxg7 Ba3 $16) 32... Kxc7 33. Qa7+ {[%mdl 64] Double Attack} Bb7 34. Qxa5+ {[%mdl 64] Double Attack} Rb6 35. Qxa4) 27... Qb7 $2 (27... Rxc6 28. Rxc6 Bc5) 28. Rc7+ $1 Rxc7 29. Rxc7+ Qxc7 30. Nxc7 Rxb2+ 31. Kc1 Kxc7 {[#]} 32. Nxe6+ $1 {[%mdl 512]} fxe6 (32... Kb8 $142) 33. Qa7+ {[%mdl 64] Double Attack} Bb7 {Hoping for ...Rb5.} 34. Qxa5+ {[%mdl 64] Double Attack} Rb6 {Threatens to win with ...Nc5.} 35. Qxa4 Bc6 36. Qd4 {Strongly threatening Ba5.} Ra6 37. Bb4 Bxh4 38. Qc5 Bg3 39. Qe7+ Kb6 40. Bc5+ Ka5 41. Be3 {White threatens Qa3+ and mate.} d4 42. Qc5+ {Accuracy: White = 60%, Black = 28%.} 1-0

[Event "Moscow Open RSSU Cup 2019"]
[Site "Moscow"]
[Date "2019.02.03"]
[Round "9"]
[White "Iljiushenok, Ilia"]
[Black "Hayrapetyan, Hovik"]
[Result "0-1"]
[WhiteElo "2533"]
[BlackElo "2434"]
[Annotator "RC"]
[PlyCount "110"]
[EventDate "2019.01.26"]
[EventType "swiss"]
[EventCountry "RUS"]
[SourceTitle "playchess.com"]
[Source "ChessBase"]
[SourceQuality "1"]
[TimeControl "40/5400+30:1800+30"]

1. e4 {[%emt 0:08:55]} c5 {[%emt 0:00:00]} 2. Nc3 {[%emt 0:00:14]} d6 {[%emt 0:01:57]} 3. d4 {[%emt 0:00:08]} cxd4 {[%emt 0:00:24]} 4. Qxd4 {[%emt 0:00:04]} Nc6 {[%emt 0:00:12]} 5. Qd2 {[%emt 0:00:05]} a6 {[%emt 0:00:42]} 6. b3 {[%emt 0:04:29]} Nf6 {[%emt 0:07:21]} 7. Bb2 {[%emt 0:01:16]} b5 {[%emt 0:00:33]} 8. a3 {[%emt 0:17:47]} e6 {[%emt 0:01:04]} 9. g3 {[%emt 0:01:43]} Bb7 {[%emt 0:00:33]} 10. Bg2 {[%emt 0:00:16]} Be7 {[%emt 0:01:34]} 11. Nge2 {[%emt 0:01:17]} O-O {[%emt 0:00:36]} 12. O-O {[%emt 0:00:23]} Rc8 {[%emt 0:05:15]} 13. Rad1 {[%emt 0:05:00]} Qb6 {[%emt 0:02:28]} 14. h3 {[%emt 0:02:12]} Rfd8 {[%emt 0:09:58]} 15. g4 {[%emt 0:06:27]} a5 {[%emt 0:01:58]} 16. Ng3 {[%emt 0:03:25]} a4 {[%emt 0:03:55]} 17. g5 {[%emt 0:18:10]} Ne8 {[%emt 0:02:56]} 18. Nge2 {[%emt 0:07:42]} Ba6 {[%emt 0:03:28]} 19. b4 {[%emt 0:05:47]} Ne5 {[%emt 0:03:16]} 20. Qf4 {[%emt 0:00:03]} f6 {[%emt 0:11:20]} 21. h4 {[%emt 0:01:23]} g6 {[%emt 0:03:52]} 22. Qg3 {[%emt 0:01:39]} Ng7 {[%emt 0:01:26]} 23. Kh1 {[%emt 0:00:21]} f5 {[%emt 0:02:24]} 24. f4 {[%emt 0:02:46]} Nc4 {[%emt 0:01:55]} 25. Bc1 {[%emt 0:00:20]} fxe4 {[%emt 0:00:02]} 26. Nxe4 {[%emt 0:00:32]} Nf5 {[%emt 0:00:31]} 27. Qg4 {[%emt 0:02:00]} Kf7 {[%emt 0:08:53]} 28. Rd3 {[%emt 0:04:10]} Nce3 {[%emt 0:14:45]} 29. Bxe3 {[%emt 0:00:04]} Nxe3 {[%emt 0:00:04]} 30. Rxe3 {[%emt 0:00:04]} Qxe3 {[%emt 0:00:02]} 31. N2g3 {[%emt 0:00:45]} Rc4 {[%emt 0:00:39]} 32. f5 {[%emt 0:01:28]} exf5 {[%emt 0:00:31]} 33. Nxf5 {[%emt 0:00:05]} gxf5 {[%emt 0:00:22]} 34. Qxf5+ {[%emt 0:04:25]} Ke8 {[%emt 0:00:03]} 35. g6 {[%emt 0:00:57]} hxg6 {[%emt 0:04:11]} 36. Qe6 {[%emt 0:00:01]} Rxe4 {[%emt 0:00:43]} 37. Bxe4 {[%emt 0:00:01]} Bb7 {[%emt 0:00:06]} 38. Qxg6+ {[%emt 0:00:02]} Kd7 {[%emt 0:00:03]} 39. Bxb7 {[%emt 0:00:04]} Rh8 {[%emt 0:00:19]} 40. h5 {[%emt 0:00:00]} Qh3+ {[%emt 0:00:00]} 41. Kg1 {[%emt 0:00:56]} Rxh5 {[%emt 0:05:16]} 42. Bg2 {[%emt 0:04:23]} Qh2+ {[%emt 0:11:28]} 43. Kf2 {[%emt 0:00:14]} Qh4+ {[%emt 0:00:14]} 44. Kg1 {[%emt 0:01:38]} Qd4+ {[%emt 0:02:29]} 45. Rf2 {[%emt 0:00:02]} Rg5 {[%emt 0:07:28]} 46. Qf7 {[%emt 0:00:53]} Qa1+ 47. Rf1 {[%emt 0:01:29]} Qxa3 {[%emt 0:04:36]} 48. Re1 {[%emt 0:12:10]} Re5 {[%emt 0:00:01]} 49. Rxe5 {[%emt 0:00:07]} Qa1+ {[%emt 0:00:05]} 50. Bf1 {[%emt 0:00:51]} Qxe5 {[%emt 0:00:02]} 51. c4 {[%emt 0:08:26]} a3 {[%emt 0:05:52]} 52. Qf3 {[%emt 0:05:56]} a2 {[%emt 0:01:10]} 53. Qb7+ {[%emt 0:02:16]} Ke6 {[%emt 0:00:05]} 54. Bh3+ {[%emt 0:00:13]} Kf6 {[%emt 0:00:11]} 55. Qf3+ {[%emt 0:00:08]} Kg7 {[%emt 0:00:04]} 0-1

[Event "Moscow Open RSSU Cup 2019"]
[Site "Moscow"]
[Date "2019.02.03"]
[Round "9"]
[White "Potapov, Pavel"]
[Black "Kryakvin, Dmitry"]
[Result "0-1"]
[WhiteElo "2516"]
[BlackElo "2588"]
[Annotator "TA"]
[PlyCount "118"]
[EventDate "2019.01.26"]
[EventType "swiss"]
[EventCountry "RUS"]
[SourceTitle "playchess.com"]
[Source "ChessBase"]
[SourceQuality "1"]

{[%evp 18,118,31,0,0,0,0,0,30,20,62,17,35,35,17,22,28,19,25,0,0,0,0,-20,-21,-29,24,0,24,-8,0,-12,-12,-6,-6,-6,-6,-6,-6,-22,-19,-14,-15,-30,-26,-52,-53,-53,-47,-47,-40,-27,-21,-30,-16,-55,-55,-50,-25,-47,-21,-23,0,-37,-37,-35,-41,-74,-72,-80,-81,-83,-81,-87,-81,-127,-127,-127,-127,-127,-127,-127,-127,-127,-127,-127,-127,-152,-152,-152,-152,-152,-152,-343,-343,-343,-343,-823,-781,-29987,-29988,-29988,-29983]} 1. e4 $146 ({Predecessor:} 1. d4 e6 {1-0 (44) Vovk,Y (2562)-Williams,S (2513) London 2012}) 1... e6 2. d4 d5 3. Nc3 Bb4 4. e5 c5 ({Predecessor:} 4... Ne7 5. a3 Bxc3+ 6. bxc3 c5 7. a4 Nbc6 8. Nf3 Qa5 {1-0 (44) Vovk,Y (2562)-Williams,S (2513) London 2012}) 5. a3 Bxc3+ 6. bxc3 Qa5 7. Qd2 Nc6 {[%cal Bb8c6,Bc6a5,Ba5c4][%mdl 32]} 8. Nf3 Nge7 9. a4 Bd7 10. Ba3 cxd4 {C19: French: 3 Nc3 Bb4: Main line: 7 Nf3 and 7 a4} 11. cxd4 Qxd2+ 12. Kxd2 Na5 {The position is equal.} 13. Bd3 Nc4+ 14. Ke2 (14. Bxc4 $5 dxc4 15. Bxe7 Kxe7 16. Kc3 $14) ({Predecessor:} 14. Bxc4 dxc4 15. Bxe7 Kxe7 16. Kc3 Rac8 17. Nd2 Bc6 18. f3 {1-0 (44) Vovk,Y (2562)-Williams,S (2513) London 2012}) 14... Ng6 15. g3 Bxa4 16. Bc5 b5 17. Bxc4 dxc4 18. Rhc1 Ne7 19. Nd2 Nd5 20. Ke1 {Hoping for Nxc4!} c3 21. Ne4 Kd7 ({Better is} 21... f5 22. exf6 gxf6) 22. Ke2 a5 23. Kd3 Rhc8 24. f4 f5 25. exf6 gxf6 26. Nxc3 Nxc3 27. Kxc3 b4+ 28. Kb2 Bc6 29. c3 bxc3+ 30. Kxc3 a4 31. Ba3 Rab8 32. Kd2 Rb3 33. Rc3 Rxc3 34. Kxc3 $15 {[%mdl 4096] Endgame KRB-KRB} Rb8 35. Bb4 h5 36. Re1 Bd5 37. Ra1 Ra8 38. Ba3 Kc6 39. Rc1 Kd7 40. Ra1 h4 41. gxh4 Rh8 42. Bc5 Bb3 $1 43. f5 exf5 44. Rf1 Ke6 45. Rf4 Rb8 46. Rf1 Bd5 $1 47. Re1+ Kf7 {Threatens to win with ...a3!} 48. Re7+ Kg6 49. Rd7 Rb3+ 50. Kd2 Bc4 $1 51. Ra7 Bb5 $1 52. Rb7 f4 53. d5 f3 54. d6 a3 {[%cal Ba4a3,Ba3a2][%mdl 32] And now ...a2 would win.} 55. Kc2 $2 {[#]} (55. d7 $17 {was called for.} Rd3+ {[%mdl 64] Double Attack} 56. Kc2 Rxd7 57. Rxd7 Bxd7 58. Kd3) 55... a2 $1 $19 {[%cal Ra2a1]} ({Less strong is} 55... Rb2+ 56. Kc3 $15) 56. Ra7 {[#]} Rb4 $1 {[%mdl 512]} 57. h5+ $2 (57. Rxa2 Rc4+ {[%mdl 64] Double Attack} 58. Kd2 Rxc5 59. Ke3) (57. Bxb4 f2) 57... Kxh5 {( -> ...Ba4+)} 58. Kd2 Ba4 59. Ra5 {[#]} Kg6 $1 {[%mdl 512] Accuracy: White = 45%, Black = 73%.} 0-1

[Event "Moscow Open RSSU Cup 2019"]
[Site "Moscow"]
[Date "2019.02.03"]
[Round "9"]
[White "Khanin, Semen"]
[Black "Mozharov, Mikhail"]
[Result "1/2-1/2"]
[WhiteElo "2514"]
[BlackElo "2549"]
[Annotator "TA"]
[PlyCount "64"]
[EventDate "2019.01.26"]
[EventType "swiss"]
[EventCountry "RUS"]
[SourceTitle "playchess.com"]
[Source "ChessBase"]
[SourceQuality "1"]

{[%evp 14,64,0,-12,-6,-11,17,18,14,16,6,0,0,0,0,0,0,0,0,0,0,0,2,0,0,0,0,-4,-10,-10,0,0,3,3,4,4,5,5,11,11,16,0,0,0,1,0,1,0,1,0,1,0,1]} 1. e4 e5 2. Nf3 Nc6 3. d4 exd4 4. Nxd4 Nf6 5. Nc3 Bb4 6. Nxc6 bxc6 7. Bd3 d5 8. exd5 {The position is equal.} O-O {C47: Scotch Four Knights and Four Knights with 4 g3} (8... cxd5 9. O-O O-O 10. h3 c6 11. Qf3 Bd6 12. Bf4 Be6 13. b3 c5 14. Rad1 Bxf4 15. Qxf4 Qa5 16. Qd2 c4 17. Be2 Rac8 18. bxc4 dxc4 {0-1 (28) Morozevich,A (2656)-Mamedyarov,S (2817) St Petersburg 2018}) 9. O-O Bg4 10. f3 Bh5 11. Bg5 cxd5 12. Nxd5 Qxd5 13. Bxf6 $1 {[#] aiming for Bxh7+!} Qc5+ 14. Kh1 gxf6 15. a3 $1 Ba5 {Strongly threatening ...Bb6.} 16. b4 {[#]} Bxb4 $1 17. axb4 Qxb4 {[#]} 18. Ra2 $146 Bg6 19. Qa1 Kg7 20. Rxa7 Rxa7 21. Qxa7 Qc3 22. Qa1 Qxa1 23. Rxa1 $11 {[%mdl 4096] Endgame KRB-KRB} Rd8 24. Ra3 Bxd3 25. cxd3 {KR-KR} Kg6 26. Rc3 h5 (26... Ra8 {is interesting.} 27. h3 Ra1+ 28. Kh2 Rd1 29. g4 h5) 27. Rxc7 (27. Kg1 {keeps more tension.} h4 28. Kf2 Ra8 29. Rc2 c5 30. Ke3) 27... Rxd3 {[%cal Rd3d1]} 28. Kg1 Rd2 29. Rc5 Ra2 30. Rb5 Rc2 31. Rd5 Ra2 32. Rb5 Rc2 {Accuracy: White = 76%, Black = 68%.} 1/2-1/2

[Event "Moscow Open RSSU Cup 2019"]
[Site "Moscow"]
[Date "2019.02.02"]
[Round "9"]
[White "Afanasiev, Nikita"]
[Black "Pridorozhni, Aleksei"]
[Result "1/2-1/2"]
[WhiteElo "2508"]
[BlackElo "2568"]
[Annotator "ChessBase"]
[PlyCount "80"]
[EventDate "2019.01.26"]
[EventType "swiss"]
[EventCountry "RUS"]
[SourceTitle "playchess.com"]
[Source "ChessBase"]
[SourceQuality "1"]
[TimeControl "40/5400+30:1800+30"]

1. e4 {[%emt 0:00:00]} e5 {[%emt 0:00:00]} 2. Nf3 {[%emt 0:00:00]} Nc6 {[%emt 0:00:00]} 3. Bb5 {[%emt 0:00:00]} Nf6 {[%emt 0:00:00]} 4. O-O {[%emt 0:00:00]} Nxe4 {[%emt 0:00:00]} 5. Re1 {[%emt 0:00:00]} Nd6 {[%emt 0:00:00]} 6. Nxe5 {[%emt 0:00:00]} Nxe5 {[%emt 0:00:13]} 7. Rxe5+ {[%emt 0:00:00]} Be7 {[%emt 0:00:04]} 8. Bf1 {[%emt 0:00:06]} O-O {[%emt 0:00:10]} 9. d4 {[%emt 0:00:04]} Bf6 {[%emt 0:00:15]} 10. Re1 {[%emt 0:00:05]} Re8 {[%emt 0:00:10]} 11. Rxe8+ {[%emt 0:00:08]} Nxe8 {[%emt 0:00:08]} 12. c3 {[%emt 0:00:10]} d5 {[%emt 0:00:06]} 13. Bf4 {[%emt 0:00:05]} g6 {[%emt 0:00:12]} 14. Bd3 {[%emt 0:00:09]} Ng7 {[%emt 0:00:10]} 15. Nd2 {[%emt 0:00:10]} Bf5 {[%emt 0:00:11]} 16. Bxf5 {[%emt 0:00:15]} Nxf5 {[%emt 0:00:05]} 17. Nf3 {[%emt 0:00:06]} c6 {[%emt 0:00:14]} 18. Be5 {[%emt 0:00:18]} Nh4 {[%emt 0:00:26]} 19. Bxf6 {[%emt 0:00:14]} Qxf6 {[%emt 0:00:04]} 20. Nxh4 {[%emt 0:00:07]} Qxh4 {[%emt 0:00:04]} 21. Qe2 {[%emt 0:00:14]} Qf6 {[%emt 0:00:09]} 22. Re1 {[%emt 0:00:11]} Kf8 {[%emt 0:00:09]} 23. Qd2 {[%emt 0:00:13]} Kg7 {[%emt 0:00:10]} 24. g3 {[%emt 0:00:12]} Rd8 {[%emt 0:00:11]} 25. Kg2 {[%emt 0:00:08]} Rd6 {[%emt 0:00:08]} 26. h4 {[%emt 0:00:10]} h5 {[%emt 0:00:06]} 27. Re3 {[%emt 0:00:14]} Re6 {[%emt 0:00:05]} 28. Qe2 {[%emt 0:00:10]} Rxe3 {[%emt 0:00:10]} 29. Qxe3 {[%emt 0:00:04]} Kf8 {[%emt 0:00:07]} 30. Kf1 {[%emt 0:00:18]} Qe7 {[%emt 0:00:11]} 31. Ke2 {[%emt 0:00:09]} Qxe3+ {[%emt 0:00:14]} 32. Kxe3 {[%emt 0:00:07]} Ke7 {[%emt 0:00:06]} 33. b4 {[%emt 0:00:12]} b5 {[%emt 0:00:05]} 34. a3 {[%emt 0:00:06]} a6 {[%emt 0:00:03]} 35. Kf4 {[%emt 0:00:10]} f6 {[%emt 0:00:15]} 36. Ke3 {[%emt 0:00:11]} Ke6 {[%emt 0:00:06]} 37. Kf4 {[%emt 0:00:06]} Kf7 {[%emt 0:00:04]} 38. Kf3 {[%emt 0:00:06]} Ke7 {[%emt 0:00:13]} 39. Ke3 {[%emt 0:00:06]} Kf7 {[%emt 0:00:03]} 40. Kf3 {[%emt 0:00:00]} Ke6 {[%emt 0:00:00] Ke4 Ke5+} 1/2-1/2

[Event "Moscow Open RSSU Cup 2019"]
[Site "Moscow"]
[Date "2019.02.03"]
[Round "9"]
[White "Khegay, Dmitriy"]
[Black "Faizrakhmanov, Ramil"]
[Result "1/2-1/2"]
[WhiteElo "2504"]
[BlackElo "2441"]
[Annotator "TA"]
[PlyCount "149"]
[EventDate "2019.01.26"]
[EventType "swiss"]
[EventCountry "RUS"]
[SourceTitle "playchess.com"]
[Source "ChessBase"]
[SourceQuality "1"]

{[%evp 12,149,-6,-23,-14,0,-22,-10,-9,-24,-8,-7,-13,-21,43,0,20,-34,0,0,0,-25,-29,-38,50,57,68,56,56,46,87,33,25,19,75,78,67,62,45,16,70,27,29,23,21,18,42,25,41,0,0,-8,-8,-8,-8,-20,-22,-24,-19,-25,-8,-8,-8,-8,-8,-8,-8,-8,-8,-8,0,-12,0,0,0,-25,-28,-25,-28,-27,-23,-68,-68,-71,-68,-62,-61,-77,-8,-8,-8,-86,-8,-8,-8,-8,-8,-10,0,-12,0,-8,0,-18,-8,-8,-17,-18,-18,-43,-50,-52,-59,-60,-25,-79,-20,-20,-20,-79,-63,-75,-75,-111,-124,-106,-18,-65,-18,-18,-8,-18,0,0,0,0,0,0,0,-29992]} 1. g3 $146 (1. f4 d5 2. Nf3 c6 3. g3 Nf6 4. Bg2 g6 5. O-O Bg7 {0-1 (31) Muzychuk,A (2545)-Hou,Y (2673) Beijing 2014}) ({Predecessor:} 1. f4 d5 2. Nf3 Nf6 3. g3 g6 4. Bg2 Bg7 5. O-O O-O 6. d3 {1-0 (74) Gietl,T (2220)-Hauernherm Thoma,W Bayern 1995}) 1... Nf6 2. Bg2 d5 3. d3 c6 4. f4 g6 5. Nf3 Bg7 6. O-O O-O 7. Qe1 Nbd7 {A03: Bird's Opening with 1...d5} (7... d4 8. Na3 Nd5 9. Nc4 b5 10. Na3 Nd7 11. Bd2 Nc5 12. c3 dxc3 13. bxc3 Qa5 14. Nb1 Na4 15. Ne5 {0-1 (31) Muzychuk,A (2545)-Hou,Y (2673) Beijing 2014}) 8. e4 dxe4 9. dxe4 e5 10. Nc3 exf4 11. gxf4 Nb6 ({Predecessor:} 11... Re8 12. e5 Nc5 13. Be3 Nfd7 14. Rd1 Qe7 15. Qf2 {1-0 (74) Gietl,T (2220)-Hauernherm Thoma,W Bayern 1995}) 12. e5 Nfd5 (12... Re8 $11) 13. Ne4 $14 Bf5 14. Qe2 (14. b3 $11) 14... Bxe4 15. Qxe4 Qe7 16. b3 Qc5+ 17. Kh1 Qc3 ({Black should play} 17... f5 $1 $15 18. Qe1 Qxc2) 18. Bd2 f5 19. exf6 Qxf6 20. Ne5 Qf5 {[#]} 21. Rae1 ({Better is} 21. Qxf5 $1 $16 Rxf5 22. Rae1) 21... Qxe4 22. Rxe4 Rae8 (22... Nf6 $11 23. Ree1 Rad8) 23. c4 $16 Nf6 24. Ree1 $1 {Hoping for Bb4.} Nh5 25. a4 Rd8 (25... Bxe5 $11 26. Rxe5 (26. fxe5 Rxf1+ 27. Bxf1 Nd7 $11) 26... Nd7) 26. Be3 Nd7 27. Nd3 a6 28. Bf3 Nhf6 29. b4 Nb6 30. Nc5 Nxc4 31. Nxb7 Nxe3 32. Rxe3 Rd4 33. Rb1 Nd5 34. Bxd5+ Rxd5 35. Na5 Rxf4 36. Nxc6 Rd2 37. b5 axb5 38. axb5 Rff2 39. b6 $132 {[%mdl 2048] White puts up resistance} Rxh2+ 40. Kg1 {[#] b7 is the strong threat.} Rdg2+ 41. Kf1 {Strongly threatening b7.} Rf2+ 42. Kg1 Rb2 43. Rxb2 Rxb2 $11 {[%mdl 4096] Endgame KRB-KRN} 44. Re8+ Bf8 45. Ne5 Kg7 {Threatens to win with ...Bc5+.} 46. Nd7 Bd6 47. Re6 Bf4 48. Re7+ Kh6 49. Kf1 g5 (49... Bg5 $17 50. Rf7 Bh4) 50. Nf8 {[%csl Gf8][%cal Re7h7]} Kh5 51. Rxh7+ Kg4 {White must now prevent ...Kf3.} 52. Nd7 $1 Kg3 53. Rf7 Rf2+ 54. Kg1 Rb2 {[%cal Rb2b1]} 55. Kf1 Rf2+ 56. Kg1 Rb2 {[%cal Rb2b1]} 57. Kf1 Kf3 {[%cal Rb2b1]} 58. Ne5+ $1 Ke4 59. Nc4 Rb1+ 60. Kg2 Kd5 61. Na5 Rxb6 62. Kf3 Ke6 63. Rh7 (63. Rb7 $11 Rd6 64. Kg4) 63... Kf5 ({Black should try} 63... Rb5 $17 64. Nc4 Kf5 65. Rf7+ Kg6) 64. Rf7+ Kg6 65. Rd7 (65. Rxf4 $11 gxf4 66. Kxf4) 65... Be5 66. Nc4 Rb3+ 67. Ke4 Rb4 68. Kd3 Bf6 (68... Bf4 $17 69. Rd8 Ra4 70. Rg8+ Kf5 71. Ne3+ Kf6 72. Nd5+ Kf7) 69. Ne3 g4 {And now ...g3 would win.} 70. Rd6 $1 {The position is equal.} g3 71. Ke2 Rf4 72. Nd5 $1 {[%cal Rd5f4]} Rf2+ 73. Ke3 Kg5 {aiming for ...Bb2.} 74. Nxf6 Rxf6 75. Ke4 $2 {[%mdl 40960] Accuracy: White = 58%, Black = 43%. . An unexpected result.} (75. Rxf6 $11 Kxf6 76. Kf3) 1/2-1/2

[Event "Moscow Open RSSU Cup 2019"]
[Site "Moscow"]
[Date "2019.02.03"]
[Round "9"]
[White "Drygalov, Andrey"]
[Black "Kardashevskiy, Evgeny"]
[Result "1/2-1/2"]
[WhiteElo "2485"]
[BlackElo "2382"]
[Annotator "ChessBase"]
[PlyCount "45"]
[EventDate "2019.01.26"]
[EventType "swiss"]
[EventCountry "RUS"]
[SourceTitle "playchess.com"]
[Source "ChessBase"]
[SourceQuality "1"]
[TimeControl "40/5400+30:1800+30"]

1. e4 {[%emt 0:00:00]} e5 {[%emt 0:00:00]} 2. Bc4 {[%emt 0:00:00]} Nf6 {[%emt 0:00:07]} 3. d3 {[%emt 0:00:04]} c6 {[%emt 0:00:29]} 4. Nf3 {[%emt 0:00:04]} d5 {[%emt 0:00:34]} 5. Bb3 {[%emt 0:00:42]} Bb4+ {[%emt 0:00:32]} 6. c3 {[%emt 0:01:12]} Bd6 {[%emt 0:00:39]} 7. O-O {[%emt 0:00:51]} dxe4 {[%emt 0:04:18]} 8. Ng5 {[%emt 0:01:47]} O-O {[%emt 0:00:41]} 9. Nxe4 {[%emt 0:00:05]} Nxe4 {[%emt 0:03:30]} 10. dxe4 {[%emt 0:00:03]} Na6 {[%emt 0:04:02]} 11. Nd2 Nc5 {[%emt 0:01:27]} 12. Bc2 {[%emt 0:00:44]} Be6 {[%emt 0:01:01]} 13. Re1 {[%emt 0:03:01]} Be7 {[%emt 0:09:37]} 14. Qe2 {[%emt 0:03:30]} b5 {[%emt 0:02:13]} 15. Nf1 {[%emt 0:03:01]} Qc7 {[%emt 0:03:52]} 16. Ne3 {[%emt 0:10:20]} Rfd8 {[%emt 0:01:06]} 17. Nf5 {[%emt 0:12:38]} Bf8 {[%emt 0:01:00]} 18. Qf3 {[%emt 0:00:33]} Rd7 {[%emt 0:03:52]} 19. Qg3 {[%emt 0:03:44]} Kh8 {[%emt 0:02:49]} 20. Qf3 {[%emt 0:18:46]} Kg8 {[%emt 0:00:19]} 21. Qg3 {[%emt 0:00:04]} Kh8 {[%emt 0:00:06]} 22. Qf3 {[%emt 0:00:03]} Kg8 {[%emt 0:00:05]} 23. Qg3 {[%emt 0:00:03]} 1/2-1/2

[Event "Moscow Open RSSU Cup 2019"]
[Site "Moscow"]
[Date "2019.02.03"]
[Round "9"]
[White "Golubov, Saveliy"]
[Black "Agmanov, Zhandos"]
[Result "1-0"]
[WhiteElo "2482"]
[BlackElo "2405"]
[Annotator "TA"]
[PlyCount "139"]
[EventDate "2019.01.26"]
[EventType "swiss"]
[EventCountry "RUS"]
[SourceTitle "playchess.com"]
[Source "ChessBase"]
[SourceQuality "1"]

{[%evp 9,139,0,2,-20,-2,-6,-11,-36,-10,-4,-8,-30,-2,0,-8,-25,-8,-5,-17,-22,-21,-21,-12,-14,-18,-31,26,26,26,16,28,26,23,22,17,8,8,8,24,8,8,8,19,0,0,-5,-5,-10,-32,-45,11,11,1,2,25,29,50,38,51,22,54,0,0,0,0,0,0,0,8,0,0,0,0,0,0,0,0,0,0,2,4,8,8,8,8,8,8,7,8,8,26,27,35,8,8,8,8,8,8,8,8,0,0,0,7,7,8,8,8,8,8,8,12,0,0,0,8,8,29970,29971,29974,29975,29974,29976,29975,29977,29976,29977,29980,29981,29981,29982]} 1. d4 Nf6 ({Predecessor:} 1... d5 2. Bg5 {1-0 (31) Suarez Garcia,C (2417)-Panelo Munoz,M (2373) Gijon 2016}) 2. Bg5 d5 3. Bxf6 exf6 4. e3 Bd6 ({Predecessor:} 4... c6 5. g3 Qb6 6. Qc1 Bd6 7. Bg2 O-O 8. Nd2 Re8 {1-0 (31) Suarez Garcia,C (2417)-Panelo Munoz,M (2373) Gijon 2016}) 5. Nd2 $146 (5. Bd3 O-O 6. Qf3 c5 7. dxc5 Bxc5 8. Nc3 Be6 9. O-O-O Nc6 10. Nxd5 Ne5 11. Qe4 Nxd3+ 12. Qxd3 Qa5 13. Qc3 Qxa2 14. Qxc5 {1-0 (25) Mamedyarov,S (2808)-Ding,L (2791) Stavanger 2018}) 5... O-O 6. g3 {D00: 1 d4 d5: Unusual lines} Re8 7. Bg2 c6 8. Ngf3 {The position is equal.} Qb6 9. Qc1 Qa6 10. a4 ({Predecessor:} 10. c4 dxc4 11. Qxc4 Be6 12. Qxa6 Nxa6 {1-0 (31) Suarez Garcia,C (2417)-Panelo Munoz,M (2373) Gijon 2016}) 10... Bf5 11. a5 Nd7 12. Qd1 Nf8 13. Nh4 $132 {[%mdl 2048] White puts up resistance} Bd7 14. Bf1 b5 15. Bd3 Qc8 16. O-O Bg4 17. Be2 Bf5 (17... h5 $15) 18. Nxf5 $11 Qxf5 19. Bd3 Qh3 20. Qf3 Ne6 21. Bf5 Qh6 22. c3 (22. Rfd1 {is more complex.} Rad8 23. Bd3 Ng5 24. Qg2 Nh3+ 25. Kh1) 22... g6 23. Bxe6 Rxe6 24. b3 Rd8 25. Rfd1 f5 26. c4 Bb4 27. a6 Qf8 28. Rac1 Bxd2 29. Rxd2 Qb4 (29... dxc4 $15 30. bxc4 Qa3) 30. Qd1 bxc4 31. bxc4 Rb8 32. Rdc2 dxc4 33. Rxc4 Qb5 34. Qc2 {[%cal Rc4c6]} (34. Rc5 {looks sharper.} Qxa6 35. Ra1 Qb6 36. Qa4 Rb7 37. Ra5) 34... Qxa6 35. Rxc6 ({White should play} 35. Ra4 $14 Qb7 36. Qc5) 35... Rxc6 36. Qxc6 Qxc6 37. Rxc6 {[%mdl 4096] Endgame KR-KR} Rb1+ 38. Kg2 a5 39. Rc2 Ra1 40. Kf3 a4 41. Kf4 f6 $1 42. e4 Rd1 43. d5 Rd4 44. f3 fxe4 45. fxe4 a3 46. Rc8+ Kf7 {[#] Strongly threatening ...Ra4.} 47. Rc7+ Ke8 {...Ra4 is the strong threat.} 48. Ra7 {Threatening Ke3.} f5 49. Rxa3 {With the idea Re3.} Rxe4+ 50. Kg5 Ke7 51. Kh6 f4 52. Kxh7 g5 53. Kg6 Re3 54. Ra7+ Kd6 55. g4 Re5 56. Kf6 {aiming for Ra6+.} Rxd5 57. Ra4 Kd7 58. Re4 Kd8 59. Re1 Kd7 60. Ra1 Kd6 {[#]} 61. h4 $1 {[%mdl 512]} gxh4 62. g5 Rd2 63. g6 Rg2 $2 {[%mdl 8192]} (63... h3 $11) 64. Rd1+ {White mates.} Kc7 65. g7 h3 66. Kf7 h2 67. g8=Q Rxg8 68. Kxg8 h1=B 69. Rxh1 Kd6 70. Rh5 {Accuracy: White = 60%, Black = 56%.} 1-0